Länder, die mehr Fläche, aber weniger Einwohner als Kirgisistan haben - Statistiken

Allgemein
  • Dieses Quiz wurde 210 mal gespielt
  • Das Durchschnittsergebnis liegt bei 6 aus 13
Antwortstatistiken
Fläche in km² Einwohner (Stand 2020) Land % Korrekt
1.564.116 3.278.290 Mongolei
90%
338.145 5.540.720 Finnland
60%
323.802 5.421.241 Norwegen
54%
488.100 6.031.200 Turkmenistan
54%
824.292 2.540.905 Namibia
50%
267.710 4.822.233 Neuseeland
49%
1.030.700 4.649.658 Mauretanien
47%
309.500 5.106.626 Oman
44%
581.730 2.351.627 Botswana
41%
342.000 5.518.087 Republik Kongo
32%
622.984 4.829.767 Zentralafrikanische Republik
32%
267.667 2.225.734 Gabun
26%
214.969 786.552 Guyana
26%
Keine übereinstimmenden Quizze gefunden
Verteilung der Resultate
Anzahl Personen mit jedem Resultat
Perzentil nach korrekt beantworteten Fragen
Ihre Resultats-Entwicklung
Sie haben dieses Quiz noch nicht gespielt